Derecho hebreo a través de la Biblia y el Talmud
Guardado en:
| Autor principal: | |
|---|---|
| Formato: | Libro |
| Lenguaje: | español |
| Publicado: |
Buenos Aires
Atalaya
1947
|
| Materias: | |
| Etiquetas: |
Agregar Etiqueta
Sin Etiquetas, Sea el primero en etiquetar este registro!
|
MARC
| LEADER | 00000nam a2200000 a 4500 | ||
|---|---|---|---|
| 001 | UCS2198 | ||
| 003 | CL-VaPUC | ||
| 008 | 970523e19470000AG |||||||||||||||||spa|d | ||
| 082 | 0 | 4 | |a 340.58 |b GOL |2 21 |
| 100 | |a Goldstein, Mateo |e author |9 387319 | ||
| 245 | 1 | 0 | |a Derecho hebreo a través de la Biblia y el Talmud |
| 300 | |a 499 p | ||
| 942 | |c BK | ||
| 945 | |d 19970523 00:00:00 |a paguirre | ||
| 260 | |a Buenos Aires |b Atalaya |c 1947 | ||
| 650 | 0 | |a Biblia |9 257603 | |
| 650 | 0 | |a Justicia |9 255408 | |
| 650 | 7 | |a DERECHO |2 CL-VaPUC |9 387320 | |
| 650 | 7 | |a LEY |2 CL-VaPUC |9 387321 | |
| 650 | 0 | |a Ley penal |9 256611 | |
| 650 | 7 | |a LEGISLACION |2 CL-VaPUC |9 387322 | |
| 650 | 7 | |a PERSONA |2 CL-VaPUC |9 327934 | |
| 650 | 7 | |a MATRIMONIO |2 CL-VaPUC |9 387323 | |
| 650 | 0 | |a Bienes |9 255749 | |
| 650 | 0 | |a Contratos |9 255153 | |
| 651 | 0 | |a Israel |9 314378 | |
| 583 | |a last modification |c 19970523 00:00:00 |k Rodrigo Vera | ||
| 999 | |c 260176 |d 260174 | ||
| 952 | |0 0 |1 0 |4 0 |6 340_580000000000000_GOL_1947 |7 0 |8 A |9 286056 |a BIBDER |b BIBDER |d 2019-11-19 |i 1859390 |o 340.58 GOL 1947 |p 1859390 |r 2023-01-25 |w 2019-11-19 |y BK |k DER | ||